[Event "FRA-chT2 0910"]
[Site "France"]
[Date "2009.12.12"]
[Round "5.6"]
[White "Hoffmann, Regis"]
[Black "Borni, Jean Bernard"]
[Result "1/2-1/2"]
[WhiteElo "2115"]
[BlackElo "2029"]
[PlyCount "37"]
[EventDate "2009.09.27"]
[EventType "team-tourn"]
[EventRounds "11"]
[EventCountry "FRA"]
[SourceTitle "EXT 2011"]
[Source "ChessBase"]
[SourceDate "2010.11.26"]
[SourceVersion "1"]
[SourceVersionDate "2010.11.26"]
[SourceQuality "1"]

1. d4 d5 2. Bf4 Nf6 3. e3 e6 4. Nd2 Be7 5. Bd3 Nbd7 6. h3 b6 7. Ngf3 Bb7 8. Ne5 Nxe5 9. dxe5 Ne4 10. c3 Nxd2 11. Qxd2 Qd7 12. Qe2 c5 13. Rd1 Qc7 14. Bh2 g6 15. 0-0 0-0 16. f4 Rfd8 17. c4 dxc4 18. Bxc4 Qc6 19. Bb5 1/2-1/2

[Event "FRA-chT2"]
[Site "France"]
[Date "2002.03.??"]
[Round "11"]
[White "Lepan, Marvin"]
[Black "Borni, Jean Bernard"]
[Result "1-0"]
[WhiteElo "2189"]
[BlackElo "2050"]
[PlyCount "67"]
[EventDate "2002.??.??"]
[EventType "team"]
[EventRounds "11"]
[EventCountry "FRA"]
[SourceTitle "EXT 2003"]
[Source "ChessBase"]
[SourceDate "2002.11.25"]
[SourceVersion "1"]
[SourceVersionDate "2002.11.25"]
[SourceQuality "1"]

1. d4 Nf6 2. c4 e6 3. Nc3 Bb4 4. e3 0-0 5. Bd3 c5 6. Nge2 d5 7. 0-0 Nc6 8. a3 Bxc3 9. bxc3 dxc4 10. Bxc4 Qc7 11. Ba2 Rd8 12. Qc2 e5 13. Bb2 Qe7 14. Rad1 Be6 15. dxe5 Nxe5 16. c4 Ned7 17. Nf4 b6 18. e4 Nf8 19. Rde1 N6d7 20. Nd5 Bxd5 21. cxd5 Kh8 22. e5 b5 23. f4 c4 24. d6 Qe6 25. f5 Qd5 26. Rd1 Qc6 27. Qf2 Nc5 28. Bb1 Re8 29. e6 fxe6 30. f6 e5 31. fxg7+ Kxg7 32. Bxe5+ Rxe5 33. Qf6+ Kg8 34. Qxe5 1-0

[Event "FRA-chT2"]
[Site "France"]
[Date "2002.01.??"]
[Round "6"]
[White "Borni, Jean Bernard"]
[Black "Rapinel, Franck"]
[Result "0-1"]
[WhiteElo "2050"]
[BlackElo "2199"]
[PlyCount "94"]
[EventDate "2002.??.??"]
[EventType "team"]
[EventRounds "11"]
[EventCountry "FRA"]
[SourceTitle "EXT 2003"]
[Source "ChessBase"]
[SourceDate "2002.11.25"]
[SourceVersion "1"]
[SourceVersionDate "2002.11.25"]
[SourceQuality "1"]

1. d4 Nf6 2. Nf3 g6 3. Bg5 Bg7 4. e3 d5 5. c4 c6 6. Nc3 0-0 7. Be2 Re8 8. 0-0 Be6 9. c5 Nfd7 10. b4 f6 11. Bh4 Bf7 12. b5 Qa5 13. Qd2 Nf8 14. Rab1 Nbd7 15. Rb3 e5 16. Ne1 Qc7 17. f4 exd4 18. exd4 f5 19. Nf3 Ne6 20. Ne5 Nxe5 21. fxe5 Nxd4 22. Qxd4 Bxe5 23. Qd3 d4 24. Na4 Bxb3 25. Qxb3+ Kh8 26. Bf3 Bg7 27. Bf2 Rad8 28. Nb2 Re3 29. Bxe3 dxe3 30. Nc4 Bd4 31. Re1 f4 32. b6 axb6 33. cxb6 Qd7 34. a4 e2+ 35. Kh1 Bf2 36. Qb2+ Qd4 37. Qxe2 Bxe1 38. Qxe1 Qxc4 39. a5 Qd4 40. h3 Qe3 41. Qxe3 fxe3 42. Kg1 Ra8 43. Bxc6 Rxa5 44. Bf3 Ra1+ 45. Kh2 Rb1 46. Kg3 Rxb6 47. Kf4 Rf6+ 0-1

[Event "FRA-chT2"]
[Site "France"]
[Date "2001.11.??"]
[Round "3"]
[White "Borni, Jean Bernard"]
[Black "Guth, Noel"]
[Result "1/2-1/2"]
[WhiteElo "2030"]
[BlackElo "2118"]
[PlyCount "33"]
[EventDate "2002.??.??"]
[EventType "team"]
[EventRounds "11"]
[EventCountry "FRA"]
[SourceTitle "EXT 2003"]
[Source "ChessBase"]
[SourceDate "2002.11.25"]
[SourceVersion "1"]
[SourceVersionDate "2002.11.25"]
[SourceQuality "1"]

1. d4 g6 2. Nf3 d6 3. Bg5 Bg7 4. e3 Nf6 5. c4 c6 6. Nc3 Qa5 7. Qa4 Qxa4 8. Nxa4 Nbd7 9. Be2 0-0 10. 0-0 b6 11. b4 a6 12. Rac1 Re8 13. c5 b5 14. Nc3 d5 15. Rfd1 e5 16. dxe5 Nxe5 17. Nd4 1/2-1/2